Hand book for english teachers: One presenting poetry (Record no. 1366086)

MARC details
000 -LEADER
fixed length control field 00606nam a2200193Ia 4500
005 - DATE AND TIME OF LATEST TRANSACTION
control field 20250508160709.0
008 - FIXED-LENGTH DATA ELEMENTS--GENERAL INFORMATION
fixed length control field 008 250505s9999 xx 000 0 eng d
037 ## - SOURCE OF ACQUISITION
Stock number Textual
040 ## - CATALOGING SOURCE
Original cataloging agency FEDL
Language of cataloging eng
Transcribing agency FEDL
041 ## - LANGUAGE CODE
Language code of text/sound track or separate title eng
Source of code eng
084 ## - COLON CLASSIFICATION NUMBER
Classification number 420.702, BLA
Assigning agency FEDL
100 ## - MAIN ENTRY--PERSONAL NAME
Personal name Blackburn Thomas Ed.
9 (RLIN) 769138
245 #0 - TITLE STATEMENT
Title Hand book for english teachers: One presenting poetry
245 #0 - TITLE STATEMENT
Statement of responsibility, etc. University of Institute of London Education
260 ## - PUBLICATION, DISTRIBUTION, ETC.
Place of publication, distribution, etc. London, UK
Name of publisher, distributor, etc. Methuen Educational Limited
Date of publication, distribution, etc. 1966
300 ## - PHYSICAL DESCRIPTION
Extent xvii,221p.
942 ## - ADDED ENTRY ELEMENTS (KOHA)
Koha item type Textual
Classification part 420.702, BLA
Holdings
Withdrawn status Lost status Damaged status Not for loan Home library Current library Date acquired Total Checkouts Full call number Barcode Date last seen Price effective from Koha item type
        Department of Education Library Department of Education Library 2025-05-08   420.702, BLA EL0052708 2025-05-08 2025-05-08 Textual
Copyright @ Delhi University Library System